Gavin And Stacey - Statistics

General Stats
  • This quiz has been taken 1,354 times
  • The average score is 21 of 26
Answer Stats
Hint Answer % Correct
Shipman (main Character) Gavin
99%
Gavins best mate Smithy
99%
West/Shipman (main character) Stacey
99%
West (Staceys uncle) Bryn
98%
Coaches Dave
98%
Staceys Best mate Nessa
98%
West (Staceys Mum) Gwen
97%
The Baby Neil
97%
Shipman (Gavins mum) Pam
97%
West (staceys brother) Jason
95%
Shipman(Gavins dad) Mick
95%
Sutcliffe(Shipmans friend) Pete
93%
Sutcliffe(Shipmans friend) Dawn
91%
Gavins mate F _ _ _ _ _ _ Fingers
86%
Gwens nextdoor neighbour Doris
84%
Gavins mate C_ _ _ _ _ _ A_ _ _ Chinese Alan
82%
Gavins mate- B_ _ _ _ _ Budgie
77%
Smithys employee D_ _ _ _ Deano
77%
Smith (smithys sister) Ruth
76%
Gavins mate D_ _ _ _ _ _ Dirtbox
73%
Gavins work friend (Hughes) Owain
66%
only talks in welsh Dick Powell
53%
Gavins mate G_ _ _ n S _ _ _ _ GarynSimon
47%
Gavins mate J _ _ _ _ Jesus
47%
Smith (smithys mum) Catherine
27%
vicar in barry Father Chris
14%
No matching quizzes found
Score Distribution
Percent of People with Each Score
Percentile by Number Answered
Your Score History
You have not taken this quiz